[Event "MP do lat 18 - dziewczeta"]
[Site "Sypniewo"]
[Date "2022.03.27"]
[Round "9.6"]
[White "Czarnecka, Lidia"]
[Black "Kulpa, Karolina"]
[Result "1-0"]
[BlackElo "1406"]
[WhiteElo "1978"]
[LiveChessVersion "1.4.8"]

1. e4 {[%clk 1:30:54]} c5 {[%clk 1:30:53]} 2. Nf3 {[%clk 1:31:00]} d6
{[%clk 1:31:13]} 3. d4 {[%clk 1:31:00]} cxd4 {[%clk 1:31:32]} 4. Nxd4
{[%clk 1:31:26]} Nf6 {[%clk 1:31:52]} 5. Nc3 {[%clk 1:31:17]} g6 {[%clk 1:32:08]}
6. Be3 {[%clk 1:28:23]} Bg7 {[%clk 1:31:53]} 7. f3 {[%clk 1:28:18]} Nc6
{[%clk 1:31:12]} 8. Qd2 {[%clk 1:28:03]} O-O {[%clk 1:30:51]} 9. O-O-O
{[%clk 1:27:04]} d5 {[%clk 1:26:56]} 10. exd5 {[%clk 1:24:58]} Nxd5
{[%clk 1:25:26]} 11. Nxc6 {[%clk 1:22:26]} bxc6 {[%clk 1:25:26]} 12. Bd4
{[%clk 1:22:06]} Be6 {[%clk 1:09:50]} 13. Bc4 {[%clk 1:10:10]} Nc7
{[%clk 1:01:46]} 14. Qf4 {[%clk 0:55:31]} Qb8 {[%clk 0:55:31]} 15. Bxg7
{[%clk 0:42:21]} Kxg7 {[%clk 0:55:50]} 16. h4 {[%clk 0:39:53]} Bxc4
{[%clk 0:48:56]} 17. Qxc4 {[%clk 0:39:27]} Qb6 {[%clk 0:47:13]} 18. h5
{[%clk 0:35:05]} g5 {[%clk 0:30:24]} 19. h6+ {[%clk 0:31:49]} Kg8
{[%clk 0:30:16]} 20. Rd7 {[%clk 0:23:56]} Qe3+ {[%clk 0:27:43]} 21. Kb1
{[%clk 0:24:18]} Nb5 {[%clk 0:19:32]} 22. Nxb5 {[%clk 0:22:59]} cxb5
{[%clk 0:19:53]} 23. Qxb5 {[%clk 0:21:41]} Rab8 {[%clk 0:19:41]} 24. Qd3
{[%clk 0:22:03]} Qb6 {[%clk 0:16:16]} 25. Qc3 {[%clk 0:21:24]} f6
{[%clk 0:14:43]} 26. Rxe7 {[%clk 0:21:44]} Qd6 {[%clk 0:12:00]} 27. Rhe1
{[%clk 0:20:48]} Rfc8 {[%clk 0:11:04]} 28. Qe3 {[%clk 0:19:03]} Qc6
{[%clk 0:07:28]} 29. Qd3 {[%clk 0:18:43]} f5 {[%clk 0:05:26]} 30. Rg7+
{[%clk 0:08:56]} Kh8 {[%clk 0:03:54]} 31. Ree7 {[%clk 0:07:22]} Qxh6
{[%clk 0:03:43]} 32. Rxh7+ {[%clk 0:07:46]} Qxh7 {[%clk 0:04:04]} 33. Rxh7+
{[%clk 0:08:14]} Kxh7 {[%clk 0:04:29]} 34. Qxf5+ {[%clk 0:08:42]} Kh6
{[%clk 0:04:25]} 35. Qf6+ {[%clk 0:09:05]} Kh5 {[%clk 0:03:37]} 36. b3
{[%clk 0:07:53]} Re8 {[%clk 0:02:57]} 37. Kb2 {[%clk 0:07:45]} Rbc8
{[%clk 0:02:06]} 38. g3 {[%clk 0:06:25]} Re2 {[%clk 0:01:30]} 39. Qf5
{[%clk 0:06:21]} Rd8 {[%clk 0:01:19]} 40. Qh7# 1-0

[Event "MP do lat 18 - dziewczeta"]
[Site "Sypniewo"]
[Date "2022.03.27"]
[Round "9.7"]
[White "Bugaj, Hanna"]
[Black "Sloniewska, Alicja"]
[Result "1/2-1/2"]
[BlackElo "1700"]
[WhiteElo "1782"]
[LiveChessVersion "1.4.8"]

1. e4 {[%clk 1:30:57]} c6 {[%clk 1:30:45]} 2. Nf3 {[%clk 1:31:20]} d5
{[%clk 1:30:55]} 3. Nc3 {[%clk 1:31:40]} Bg4 {[%clk 1:30:59]} 4. h3
{[%clk 1:31:58]} Bxf3 {[%clk 1:30:51]} 5. Qxf3 {[%clk 1:32:21]} e6
{[%clk 1:30:45]} 6. d4 {[%clk 1:31:59]} dxe4 {[%clk 1:28:08]} 7. Qxe4
{[%clk 1:32:19]} Nf6 {[%clk 1:28:13]} 8. Qd3 {[%clk 1:32:11]} Na6
{[%clk 1:26:19]} 9. a3 {[%clk 1:29:46]} Be7 {[%clk 1:23:27]} 10. g3
{[%clk 1:29:45]} O-O {[%clk 1:22:27]} 11. Bg2 {[%clk 1:30:05]} Qb6
{[%clk 1:17:53]} 12. O-O {[%clk 1:21:01]} Rfd8 {[%clk 1:16:34]} 13. Be3
{[%clk 1:15:55]} Rd7 {[%clk 1:07:57]} 14. b4 {[%clk 0:52:46]} Qc7
{[%clk 1:01:44]} 15. b5 {[%clk 0:43:52]} Nb8 {[%clk 0:59:24]} 16. Qe2
{[%clk 0:39:15]} Nd5 {[%clk 0:57:27]} 17. Ne4 {[%clk 0:30:40]} cxb5
{[%clk 0:56:28]} 18. Qxb5 {[%clk 0:29:01]} Nc6 {[%clk 0:54:13]} 19. Kh2
{[%clk 0:17:33]} a6 {[%clk 0:52:03]} 20. Qb2 {[%clk 0:16:43]} Na5
{[%clk 0:49:38]} 21. Nd2 {[%clk 0:15:17]} Nc4 {[%clk 0:47:32]} 22. Nxc4
{[%clk 0:12:41]} Qxc4 {[%clk 0:47:55]} 23. Rfc1 {[%clk 0:10:56]} Rc8
{[%clk 0:47:54]} 24. c3 {[%clk 0:07:15]} b5 {[%clk 0:45:46]} 25. Bf1
{[%clk 0:07:23]} Qc7 {[%clk 0:45:22]} 26. c4 {[%clk 0:06:45]} bxc4
{[%clk 0:44:58]} 27. Rxc4 {[%clk 0:06:43]} Qd8 {[%clk 0:41:01]} 28. Rxc8
{[%clk 0:03:04]} Qxc8 {[%clk 0:41:24]} 29. Rc1 {[%clk 0:03:11]} Rc7
{[%clk 0:39:30]} 30. Rxc7 {[%clk 0:02:52]} Qxc7 {[%clk 0:39:52]} 31. Bxa6
{[%clk 0:00:55]} Nxe3 {[%clk 0:39:31]} 32. fxe3 {[%clk 0:01:18]} Qa5
{[%clk 0:39:31]} 33. Bf1 {[%clk 0:00:45]} Bxa3 {[%clk 0:38:46]} 34. Qb8+
{[%clk 0:01:06]} Bf8 {[%clk 0:39:07]} 35. Bg2 {[%clk 0:01:12]} Qc3
{[%clk 0:37:22]} 36. Qe5 {[%clk 0:01:14]} Qa3 {[%clk 0:37:28]} 37. Qg5
{[%clk 0:00:54]} h6 {[%clk 0:37:32]} 38. Qf4 {[%clk 0:01:10]} Bd6
{[%clk 0:37:24]} 39. Qf3 {[%clk 0:01:30]} Qc3 {[%clk 0:36:41]} 40. Qa8+
{[%clk 0:31:44]} Bf8 {[%clk 1:06:48]} 41. Qf3 {[%clk 0:31:31]} Be7
{[%clk 1:03:53]} 42. Qa8+ {[%clk 0:31:18]} Bf8 {[%clk 1:03:48]} 43. Qf3
{[%clk 0:31:41]} Qd2 {[%clk 1:03:57]} 44. Qe4 {[%clk 0:28:30]} g6
{[%clk 1:03:00]} 45. Qf4 {[%clk 0:20:15]} Qd3 {[%clk 1:00:50]} 46. h4
{[%clk 0:18:35]} Bb4 {[%clk 0:58:00]} 47. d5 {[%clk 0:16:46]} Bd2
{[%clk 0:44:37]} 1/2-1/2

[Event "MP do lat 18 - dziewczeta"]
[Site "Sypniewo"]
[Date "2022.03.27"]
[Round "9.8"]
[White "Lochina, Justyna"]
[Black "Siekanska, Zuzanna"]
[Result "1/2-1/2"]
[BlackElo "1756"]
[WhiteElo "1646"]
[LiveChessVersion "1.4.8"]

1. e4 {[%clk 1:30:59]} e5 {[%clk 1:30:47]} 2. Nf3 {[%clk 1:31:22]} Nc6
{[%clk 1:31:12]} 3. Bb5 {[%clk 1:31:34]} a6 {[%clk 1:31:20]} 4. Ba4
{[%clk 1:31:43]} d6 {[%clk 1:31:41]} 5. c3 {[%clk 1:31:24]} Bd7 {[%clk 1:31:16]}
6. d4 {[%clk 1:26:32]} g6 {[%clk 1:15:59]} 7. O-O {[%clk 1:18:52]} Bg7
{[%clk 1:15:45]} 8. Re1 {[%clk 1:12:47]} Nf6 {[%clk 1:14:47]} 9. Bxc6
{[%clk 0:54:44]} Bxc6 {[%clk 1:11:38]} 10. dxe5 {[%clk 0:52:06]} Nxe4
{[%clk 1:05:06]} 11. exd6 {[%clk 0:29:03]} O-O {[%clk 1:03:01]} 12. Bf4
{[%clk 0:25:20]} cxd6 {[%clk 1:02:03]} 13. Nd4 {[%clk 0:18:49]} Qb6
{[%clk 0:53:43]} 14. Nd2 {[%clk 0:15:00]} d5 {[%clk 0:49:50]} 15. N2b3
{[%clk 0:12:12]} Ba4 {[%clk 0:45:02]} 16. Be3 {[%clk 0:10:05]} Qc7
{[%clk 0:42:17]} 17. f3 {[%clk 0:08:25]} Nc5 {[%clk 0:39:35]} 18. Qd2
{[%clk 0:07:52]} Nd7 {[%clk 0:35:07]} 19. Bh6 {[%clk 0:05:50]} Nb6
{[%clk 0:32:03]} 20. Bxg7 {[%clk 0:04:42]} Kxg7 {[%clk 0:32:24]} 21. Nf5+
{[%clk 0:04:01]} gxf5 {[%clk 0:27:43]} 22. Qg5+ {[%clk 0:04:12]} Kh8
{[%clk 0:28:05]} 23. Qf6+ {[%clk 0:04:22]} Kg8 {[%clk 0:28:27]} 24. Qg5+
{[%clk 0:03:56]} Kh8 {[%clk 0:28:53]} 25. Qf6+ {[%clk 0:04:11]} Kg8
{[%clk 0:29:16]} 26. Qg5+ {[%clk 0:04:04]} 1/2-1/2

[Event "MP do lat 18 - dziewczeta"]
[Site "Sypniewo"]
[Date "2022.03.27"]
[Round "9.9"]
[White "Lukasik, Zuzanna"]
[Black "Krzyzosiak, Marta"]
[Result "1/2-1/2"]
[BlackElo "1698"]
[WhiteElo "1786"]
[LiveChessVersion "1.4.8"]

1. e4 {[%clk 1:30:54]} e6 {[%clk 1:30:54]} 2. d4 {[%clk 1:30:37]} d5
{[%clk 1:31:13]} 3. Nd2 {[%clk 1:29:51]} Be7 {[%clk 1:31:26]} 4. Bd3
{[%clk 1:27:58]} c5 {[%clk 1:31:05]} 5. dxc5 {[%clk 1:26:29]} Nf6
{[%clk 1:26:47]} 6. exd5 {[%clk 1:20:42]} Qxd5 {[%clk 1:22:43]} 7. Qf3
{[%clk 1:19:15]} Qxf3 {[%clk 1:18:46]} 8. Ngxf3 {[%clk 1:19:35]} Bxc5
{[%clk 1:17:07]} 9. Nb3 {[%clk 1:17:51]} Be7 {[%clk 1:16:09]} 10. O-O
{[%clk 1:10:53]} O-O {[%clk 1:15:22]} 11. Rd1 {[%clk 1:08:37]} Nc6
{[%clk 1:13:24]} 12. a3 {[%clk 1:07:14]} b6 {[%clk 1:08:23]} 13. Be3
{[%clk 0:54:37]} Bb7 {[%clk 1:00:08]} 14. Kf1 {[%clk 0:51:50]} Rfd8
{[%clk 0:57:03]} 15. Ke2 {[%clk 0:48:19]} Ng4 {[%clk 0:51:46]} 16. h3
{[%clk 0:42:14]} Nxe3 {[%clk 0:51:51]} 17. Kxe3 {[%clk 0:40:20]} Rac8
{[%clk 0:43:07]} 18. c3 {[%clk 0:33:21]} g6 {[%clk 0:32:39]} 19. Rd2
{[%clk 0:25:19]} Rd6 {[%clk 0:21:33]} 20. Ke2 {[%clk 0:19:55]} Rcd8
{[%clk 0:20:09]} 21. Rad1 {[%clk 0:18:57]} Kg7 {[%clk 0:19:24]} 22. Bb5
{[%clk 0:14:17]} Rxd2+ {[%clk 0:18:11]} 23. Rxd2 {[%clk 0:13:54]} Rxd2+
{[%clk 0:18:27]} 24. Nbxd2 {[%clk 0:13:54]} a6 {[%clk 0:16:44]} 25. Bd3
{[%clk 0:14:00]} Bd6 {[%clk 0:15:18]} 26. g3 {[%clk 0:11:11]} Ne5
{[%clk 0:14:26]} 27. Nxe5 {[%clk 0:11:12]} Bxe5 {[%clk 0:14:51]} 28. h4
{[%clk 0:10:16]} h6 {[%clk 0:12:16]} 29. Ke3 {[%clk 0:09:08]} f5 {[%clk 0:10:40]}
30. Bc4 {[%clk 0:07:52]} Kf6 {[%clk 0:10:49]} 31. f4 {[%clk 0:07:43]} Bc7
{[%clk 0:10:37]} 32. Nf3 {[%clk 0:07:02]} Bxf3 {[%clk 0:05:42]} 1/2-1/2

[Event "MP do lat 18 - dziewczeta"]
[Site "Sypniewo"]
[Date "2022.03.27"]
[Round "9.10"]
[White "Mirowska, Oliwia"]
[Black "Jedrzejko, Martyna"]
[Result "1-0"]
[BlackElo "1517"]
[WhiteElo "1738"]
[LiveChessVersion "1.4.8"]

1. a3 {[%clk 1:30:54]} d5 {[%clk 1:30:16]} 2. b4 {[%clk 1:31:18]} Nf6
{[%clk 1:20:38]} 3. g3 {[%clk 1:31:08]} e6 {[%clk 1:19:52]} 4. Bg2
{[%clk 1:31:20]} c5 {[%clk 1:13:28]} 5. c3 {[%clk 1:30:58]} Bd6 {[%clk 1:04:18]}
6. Nf3 {[%clk 1:31:00]} O-O {[%clk 1:04:05]} 7. d4 {[%clk 1:31:01]} b6
{[%clk 0:58:32]} 8. O-O {[%clk 1:31:06]} Bb7 {[%clk 0:56:18]} 9. Ne5
{[%clk 1:28:53]} Nfd7 {[%clk 0:49:37]} 10. Nc4 {[%clk 1:27:38]} Be7
{[%clk 0:46:51]} 11. dxc5 {[%clk 1:20:11]} bxc5 {[%clk 0:46:19]} 12. Na5
{[%clk 1:19:17]} Ba6 {[%clk 0:32:31]} 13. Re1 {[%clk 1:12:55]} Nf6
{[%clk 0:26:31]} 14. Nd2 {[%clk 1:10:26]} Nbd7 {[%clk 0:16:11]} 15. Nc6
{[%clk 1:04:24]} Qe8 {[%clk 0:16:34]} 16. e4 {[%clk 1:01:20]} dxe4
{[%clk 0:11:29]} 17. Nxe4 {[%clk 0:57:51]} Nxe4 {[%clk 0:09:23]} 18. Nxe7+
{[%clk 0:57:27]} Qxe7 {[%clk 0:09:49]} 19. Bxe4 {[%clk 0:57:46]} Rac8
{[%clk 0:08:23]} 20. Bf4 {[%clk 0:57:28]} Rfd8 {[%clk 0:07:27]} 21. Qa4
{[%clk 0:53:33]} Bc4 {[%clk 0:01:54]} 22. Qxa7 {[%clk 0:52:18]} Qe8
{[%clk 0:00:34]} 23. Bb7 {[%clk 0:30:53]} Ra8 {[%clk 0:00:43]} 24. Bxa8
{[%clk 0:31:16]} Rxa8 {[%clk 0:01:07]} 25. Qc7 {[%clk 0:31:13]} Rc8
{[%clk 0:00:35]} 26. Qd6 {[%clk 0:31:14]} cxb4 {[%clk 0:00:45]} 27. cxb4
{[%clk 0:31:20]} Nf6 {[%clk 0:00:40]} 28. Qd4 {[%clk 0:29:59]} Nd5
{[%clk 0:00:36]} 29. Rac1 {[%clk 0:29:11]} Nxf4 {[%clk 0:00:41]} 30. Rxc4
{[%clk 0:28:27]} Rxc4 {[%clk 0:00:48]} 31. Qxc4 {[%clk 0:28:52]} Ng6
{[%clk 0:00:58]} 32. Rc1 {[%clk 0:29:09]} Ne7 {[%clk 0:01:12]} 33. Qc7
{[%clk 0:28:49]} g6 {[%clk 0:01:25]} 34. b5 {[%clk 0:28:52]} 1-0

[Event "MP do lat 18 - dziewczeta"]
[Site "Sypniewo"]
[Date "2022.03.27"]
[Round "9.11"]
[White "Anyz, Monika"]
[Black "Wawrzyniak, Weronika"]
[Result "1-0"]
[BlackElo "1493"]
[WhiteElo "1651"]
[LiveChessVersion "1.4.8"]

1. e4 {[%clk 1:30:57]} c5 {[%clk 1:30:44]} 2. Nf3 {[%clk 1:31:22]} d6
{[%clk 1:31:07]} 3. d4 {[%clk 1:31:46]} cxd4 {[%clk 1:31:29]} 4. Nxd4
{[%clk 1:32:11]} Nf6 {[%clk 1:31:43]} 5. Nc3 {[%clk 1:32:35]} a6 {[%clk 1:32:06]}
6. Nb3 {[%clk 1:32:33]} e5 {[%clk 1:30:20]} 7. Bg5 {[%clk 1:32:36]} Be6
{[%clk 1:29:20]} 8. Bxf6 {[%clk 1:32:44]} Qxf6 {[%clk 1:29:30]} 9. Nd5
{[%clk 1:33:06]} Bxd5 {[%clk 1:29:05]} 10. Qxd5 {[%clk 1:33:28]} Nc6
{[%clk 1:27:54]} 11. Na5 {[%clk 1:31:43]} Nxa5 {[%clk 1:26:44]} 12. Qxa5
{[%clk 1:32:06]} Qd8 {[%clk 1:25:28]} 13. Qxd8+ {[%clk 1:27:35]} Rxd8
{[%clk 1:25:28]} 14. Bc4 {[%clk 1:27:07]} Be7 {[%clk 1:24:41]} 15. Ke2
{[%clk 1:25:24]} O-O {[%clk 1:22:02]} 16. Rhd1 {[%clk 1:22:35]} Rc8
{[%clk 1:19:59]} 17. Bb3 {[%clk 1:22:25]} g6 {[%clk 1:18:51]} 18. c3
{[%clk 1:21:06]} Kg7 {[%clk 1:16:54]} 19. Bd5 {[%clk 1:15:24]} Rc7
{[%clk 1:15:32]} 20. c4 {[%clk 1:13:50]} f5 {[%clk 1:10:21]} 21. f3
{[%clk 1:10:57]} h5 {[%clk 1:05:05]} 22. a4 {[%clk 1:06:52]} Rb8 {[%clk 0:57:17]}
23. Ra3 {[%clk 1:03:03]} Kf8 {[%clk 0:40:23]} 24. Rb3 {[%clk 0:59:28]} Bd8
{[%clk 0:34:18]} 25. Kd3 {[%clk 0:42:51]} Ke7 {[%clk 0:32:14]} 26. f4
{[%clk 0:36:24]} Kf6 {[%clk 0:28:21]} 27. Rf1 {[%clk 0:24:18]} fxe4+
{[%clk 0:24:17]} 28. Kxe4 {[%clk 0:24:07]} exf4 {[%clk 0:24:38]} 29. Rxf4+
{[%clk 0:23:58]} Kg7 {[%clk 0:20:07]} 30. Rbf3 {[%clk 0:23:39]} Re7+
{[%clk 0:20:07]} 31. Kd3 {[%clk 0:23:39]} b5 {[%clk 0:19:59]} 32. axb5
{[%clk 0:20:43]} axb5 {[%clk 0:20:22]} 33. Rf7+ {[%clk 0:20:21]} Rxf7
{[%clk 0:19:33]} 34. Rxf7+ {[%clk 0:20:43]} Kh6 {[%clk 0:19:58]} 1-0

[Event "MP do lat 18 - dziewczeta"]
[Site "Sypniewo"]
[Date "2022.03.27"]
[Round "9.12"]
[White "Matusik, Zuzanna"]
[Black "Zniszczol, Wiktoria"]
[Result "1/2-1/2"]
[BlackElo "1613"]
[WhiteElo "1286"]
[LiveChessVersion "1.4.8"]

1. e4 {[%clk 1:30:58]} e5 {[%clk 1:30:55]} 2. Nf3 {[%clk 1:31:08]} Nc6
{[%clk 1:31:19]} 3. Bc4 {[%clk 1:31:27]} Bc5 {[%clk 1:31:40]} 4. d3
{[%clk 1:30:09]} d6 {[%clk 1:31:57]} 5. c3 {[%clk 1:24:37]} Bb6 {[%clk 1:31:29]}
6. Ng5 {[%clk 1:21:08]} Nh6 {[%clk 1:29:26]} 7. h3 {[%clk 1:20:22]} O-O
{[%clk 1:23:50]} 8. Nf3 {[%clk 1:20:40]} Qf6 {[%clk 1:23:34]} 9. Bg5
{[%clk 1:20:17]} Qg6 {[%clk 1:23:05]} 10. Qd2 {[%clk 1:11:11]} Kh8
{[%clk 1:17:00]} 11. Bxh6 {[%clk 0:51:18]} gxh6 {[%clk 1:16:29]} 12. Rg1
{[%clk 0:50:33]} f5 {[%clk 1:10:02]} 13. Qe2 {[%clk 0:50:34]} fxe4
{[%clk 1:08:45]} 14. dxe4 {[%clk 0:50:57]} Be6 {[%clk 1:02:24]} 15. Nbd2
{[%clk 0:51:16]} Na5 {[%clk 1:01:21]} 16. Bd5 {[%clk 0:50:21]} Bxd5
{[%clk 0:47:24]} 17. exd5 {[%clk 0:50:43]} e4 {[%clk 0:47:43]} 18. Nd4
{[%clk 0:46:56]} Bxd4 {[%clk 0:43:37]} 19. cxd4 {[%clk 0:47:18]} e3
{[%clk 0:43:59]} 20. fxe3 {[%clk 0:46:04]} Qg3+ {[%clk 0:37:56]} 21. Kd1
{[%clk 0:46:22]} Rae8 {[%clk 0:38:19]} 22. Nf1 {[%clk 0:42:38]} Qf2
{[%clk 0:32:52]} 23. Qxf2 {[%clk 0:42:55]} Rxf2 {[%clk 0:33:13]} 24. Nd2
{[%clk 0:42:43]} Rxe3 {[%clk 0:31:26]} 25. Re1 {[%clk 0:33:54]} Rd3
{[%clk 0:27:25]} 26. Re2 {[%clk 0:30:44]} Rf1+ {[%clk 0:25:14]} 27. Re1
{[%clk 0:29:11]} Rxe1+ {[%clk 0:25:34]} 28. Kxe1 {[%clk 0:29:34]} Rxd4
{[%clk 0:25:59]} 29. Rc1 {[%clk 0:29:31]} c5 {[%clk 0:23:57]} 30. dxc6
{[%clk 0:28:43]} Nxc6 {[%clk 0:24:02]} 31. Ke2 {[%clk 0:27:47]} Kg7
{[%clk 0:24:16]} 32. Ke3 {[%clk 0:27:05]} Rd5 {[%clk 0:24:19]} 33. Nf3
{[%clk 0:26:06]} Ra5 {[%clk 0:22:55]} 34. a3 {[%clk 0:23:24]} Rb5
{[%clk 0:23:17]} 35. b4 {[%clk 0:23:12]} a5 {[%clk 0:23:06]} 36. Rd1
{[%clk 0:23:12]} axb4 {[%clk 0:22:22]} 37. axb4 {[%clk 0:21:55]} d5
{[%clk 0:21:56]} 38. Nd4 {[%clk 0:20:10]} Nxd4 {[%clk 0:18:22]} 39. Rxd4
{[%clk 0:19:19]} Kf6 {[%clk 0:16:44]} 40. Rh4 {[%clk 0:49:30]} h5
{[%clk 0:46:13]} 41. Kf3 {[%clk 0:45:49]} Kg6 {[%clk 0:39:23]} 42. Rd4
{[%clk 0:45:42]} Rb6 {[%clk 0:39:15]} 43. Rxd5 {[%clk 0:44:53]} Rxb4
{[%clk 0:39:39]} 44. Rd6+ {[%clk 0:45:13]} Kf7 {[%clk 0:35:20]} 45. Rd7+
{[%clk 0:44:53]} Kg6 {[%clk 0:29:25]} 46. Rd6+ {[%clk 0:45:10]} Kg7
{[%clk 0:25:39]} 47. Rd7+ {[%clk 0:45:30]} Kf6 {[%clk 0:25:30]} 48. Rxh7
{[%clk 0:45:43]} h4 {[%clk 0:25:21]} 49. g4 {[%clk 0:41:33]} hxg3
{[%clk 0:21:46]} 1/2-1/2

[Event "MP do lat 18 - dziewczeta"]
[Site "Sypniewo"]
[Date "2022.03.27"]
[Round "9.13"]
[White "Kieca, Aleksandra"]
[Black "Krzyzosiak, Anna"]
[Result "1/2-1/2"]
[BlackElo "1489"]
[WhiteElo "1696"]
[LiveChessVersion "1.4.8"]

1. e4 {[%clk 1:30:57]} c5 {[%clk 1:30:54]} 2. f4 {[%clk 1:31:18]} d5
{[%clk 1:29:27]} 3. exd5 {[%clk 1:31:40]} Nf6 {[%clk 1:27:20]} 4. Nc3
{[%clk 1:32:03]} Nxd5 {[%clk 1:25:20]} 5. Nf3 {[%clk 1:32:25]} Nxc3
{[%clk 1:15:10]} 6. dxc3 {[%clk 1:32:43]} Qxd1+ {[%clk 1:14:34]} 7. Kxd1
{[%clk 1:33:11]} Bg4 {[%clk 1:12:09]} 8. Bb5+ {[%clk 1:33:34]} Nd7
{[%clk 1:03:03]} 9. Ke2 {[%clk 1:34:00]} a6 {[%clk 0:58:54]} 10. Bd3
{[%clk 1:34:17]} e6 {[%clk 0:51:35]} 11. h3 {[%clk 1:30:27]} Bf5 {[%clk 0:41:46]}
12. Be3 {[%clk 1:27:07]} Bxd3+ {[%clk 0:39:08]} 13. cxd3 {[%clk 1:27:18]} Nf6
{[%clk 0:38:17]} 14. Nd2 {[%clk 1:22:15]} Nd5 {[%clk 0:36:19]} 15. Ne4
{[%clk 1:21:18]} Nxe3 {[%clk 0:34:24]} 16. Kxe3 {[%clk 1:20:15]} Rd8
{[%clk 0:26:03]} 17. Rad1 {[%clk 1:17:30]} Bd6 {[%clk 0:19:15]} 18. Kf3
{[%clk 0:55:07]} Ke7 {[%clk 0:14:36]} 19. Rhe1 {[%clk 0:49:54]} f6
{[%clk 0:11:43]} 20. f5 {[%clk 0:42:43]} e5 {[%clk 0:09:45]} 21. c4
{[%clk 0:39:19]} Kd7 {[%clk 0:05:17]} 22. Nc3 {[%clk 0:37:50]} Kc6
{[%clk 0:04:41]} 23. Nd5 {[%clk 0:37:08]} Rd7 {[%clk 0:03:04]} 24. Re4
{[%clk 0:34:28]} Rhd8 {[%clk 0:02:16]} 25. Rh4 {[%clk 0:27:01]} h6
{[%clk 0:02:07]} 26. Rg4 {[%clk 0:26:04]} Bf8 {[%clk 0:01:21]} 27. Rg6
{[%clk 0:23:25]} b5 {[%clk 0:00:58]} 28. b3 {[%clk 0:22:33]} b4 {[%clk 0:00:50]}
29. Rg4 {[%clk 0:18:25]} Kb7 {[%clk 0:00:45]} 30. Re4 {[%clk 0:14:31]} Kc6
{[%clk 0:00:48]} 31. g4 {[%clk 0:14:30]} Be7 {[%clk 0:00:48]} 32. h4
{[%clk 0:14:15]} Kb7 {[%clk 0:00:46]} 33. Rg1 {[%clk 0:11:20]} Kc6
{[%clk 0:00:56]} 34. Ke2 {[%clk 0:02:16]} Kb7 {[%clk 0:00:56]} 35. g5
{[%clk 0:01:31]} fxg5 {[%clk 0:01:39]} 36. Nxe7 Rxe7 37. hxg5 {[%clk 0:02:20]}
hxg5 {[%clk 0:01:52]} 38. Rxg5 {[%clk 0:02:43]} Rd4 {[%clk 0:01:34]} 39. Rg6
{[%clk 0:01:56]} Red7 {[%clk 0:00:47]} 40. Rg3 {[%clk 0:31:12]} Re7
{[%clk 0:30:46]} 41. Rg6 {[%clk 0:29:46]} Red7 {[%clk 0:29:38]} 42. Re3
{[%clk 0:28:05]} Rh4 {[%clk 0:26:41]} 43. Rg2 {[%clk 0:24:12]} Re7
{[%clk 0:25:21]} 44. Re4 {[%clk 0:23:26]} Rh5 {[%clk 0:22:21]} 45. Reg4
{[%clk 0:19:33]} Rxf5 {[%clk 0:18:41]} 46. Rxg7 {[%clk 0:19:53]} Rxg7
{[%clk 0:16:38]} 47. Rxg7+ {[%clk 0:20:17]} Kb6 {[%clk 0:16:28]} 48. Rg6+
{[%clk 0:20:31]} Kb7 {[%clk 0:16:40]} 49. Ke3 {[%clk 0:20:42]} Rh5
{[%clk 0:13:34]} 50. Rg2 {[%clk 0:17:37]} Rh4 {[%clk 0:13:42]} 51. Kf3
{[%clk 0:11:28]} Rf4+ {[%clk 0:13:31]} 52. Ke3 {[%clk 0:11:24]} Rh4
{[%clk 0:13:42]} 53. Kf3 {[%clk 0:02:39]} 1/2-1/2

[Event "MP do lat 18 - dziewczeta"]
[Site "Sypniewo"]
[Date "2022.03.27"]
[Round "9.14"]
[White "Pawlak, Emilia"]
[Black "Libura, Julianna"]
[Result "1-0"]
[BlackElo "1590"]
[WhiteElo "1402"]
[LiveChessVersion "1.4.8"]

1. c4 {[%clk 1:30:57]} c5 {[%clk 1:29:53]} 2. Nc3 {[%clk 1:31:18]} Nc6
{[%clk 1:30:17]} 3. g3 {[%clk 1:31:41]} g6 {[%clk 1:30:37]} 4. Bg2
{[%clk 1:31:56]} Bg7 {[%clk 1:31:01]} 5. d3 {[%clk 1:31:52]} d6 {[%clk 1:31:03]}
6. e4 {[%clk 1:32:16]} e6 {[%clk 1:29:30]} 7. Nge2 {[%clk 1:32:20]} Nge7
{[%clk 1:29:50]} 8. O-O {[%clk 1:32:24]} O-O {[%clk 1:30:03]} 9. Be3
{[%clk 1:32:00]} Nd4 {[%clk 1:28:45]} 10. Rb1 {[%clk 1:29:59]} Nec6
{[%clk 1:25:36]} 11. a3 {[%clk 1:28:27]} Qa5 {[%clk 1:14:58]} 12. f4
{[%clk 1:18:02]} Rb8 {[%clk 1:11:57]} 13. Kh1 {[%clk 1:11:20]} a6
{[%clk 1:07:19]} 14. g4 {[%clk 1:03:11]} f5 {[%clk 0:57:42]} 15. gxf5
{[%clk 0:58:49]} gxf5 {[%clk 0:57:14]} 16. Ng3 {[%clk 0:56:55]} Qd8
{[%clk 0:50:31]} 17. Qh5 {[%clk 0:53:19]} Bd7 {[%clk 0:49:01]} 18. Rg1
{[%clk 0:51:18]} Be8 {[%clk 0:48:07]} 19. Qd1 {[%clk 0:49:01]} Qh4
{[%clk 0:43:04]} 20. exf5 {[%clk 0:45:36]} Nxf5 {[%clk 0:42:54]} 21. Nxf5
{[%clk 0:44:18]} Rxf5 {[%clk 0:42:34]} 22. Be4 {[%clk 0:43:09]} Bh5
{[%clk 0:35:42]} 23. Qd2 {[%clk 0:38:11]} Nd4 {[%clk 0:25:39]} 24. Qg2
{[%clk 0:29:31]} Rf7 {[%clk 0:23:41]} 25. Rbf1 {[%clk 0:25:25]} Qf6
{[%clk 0:19:01]} 26. f5 {[%clk 0:19:57]} Nxf5 {[%clk 0:17:26]} 27. Bxf5
{[%clk 0:18:22]} exf5 {[%clk 0:17:42]} 28. Nd5 {[%clk 0:17:21]} Qd8
{[%clk 0:17:10]} 29. Rxf5 {[%clk 0:14:48]} Bg6 {[%clk 0:17:23]} 30. Rxf7
{[%clk 0:14:33]} Kxf7 {[%clk 0:17:45]} 31. Qf3+ {[%clk 0:12:12]} Kg8
{[%clk 0:17:50]} 32. Bg5 {[%clk 0:11:35]} Qf8 {[%clk 0:16:35]} 33. Qh3
{[%clk 0:09:08]} Bf5 {[%clk 0:14:27]} 34. Qxf5 {[%clk 0:08:57]} 1-0